000 00314nam a22001337a 4500
008 170811b xxu||||| |||| 00| 0 eng d
020 _a0471033340
041 _aeng
080 _22ND
_a51
100 _a36
101 _aMAT
245 _aMATHEMATICS FOR BUSINESS AND SOCIAL SCIENCES
_cMIZRAHI,A
942 _2udc
_cBK
999 _c23221
_d23221